Buddhism in Pali Texts/ (Record no. 209734)

MARC details
000 -LEADER
fixed length control field 00600nam a22001937a 4500
005 - DATE AND TIME OF LATEST TRANSACTION
control field 20250225124419.0
010 ## - LCCN (DPL NO)
LC control number ENG-143903
020 ## - INTERNATIONAL STANDARD BOOK NUMBER
Terms of availability 1500.00
International Standard Book Number 9789395668019
035 ## - SYSTEM CONTROL NUMBER
System control number EN-127435
037 ## - SOURCE OF ACQUISITION
Source of stock number/acquisition DBAD/PUB
082 ## - DEWEY DECIMAL CLASSIFICATION NUMBER
Classification number 250
100 ## - MAIN ENTRY--PERSONAL NAME
Personal name Arimardan
245 ## - TITLE STATEMENT
Title Buddhism in Pali Texts/
Statement of responsibility, etc By Arimardan singh and Arvind Tripathi ;
Medium English
250 ## - EDITION STATEMENT
Edition statement 1
260 ## - PUBLICATION, DISTRIBUTION, ETC. (IMPRINT)
Place of publication, distribution, etc New Delhi
Name of publisher, distributor, etc Pratap Book Services
Date of publication, distribution, etc 2022
270 ## - ADDRESS
City New Delhi
Address E- 77/J-164, Nehru Camp, Pratapganj I.P. Ext. Delhi
Postal code 110092
300 ## - PHYSICAL DESCRIPTION
Extent 276pg.
Dimensions 22cm(hbk)
942 ## - ADDED ENTRY ELEMENTS (KOHA)
Source of classification or shelving scheme Dewey Decimal Classification
Item type English Books
Classification part 230
Call number suffix ARI
Holdings
Withdrawn status Lost status Not for loan Collection code Home library Current library Date acquired Source of acquisition Cost, normal purchase price Full call number Barcode Copy number Cost, replacement price Koha item type
      Non-fiction Central Library Central Library 25/02/2025 DBAD 1500.00 230 ARI EN-127435 1 1500.00 English Books

© Delhi Public Library
Hit Counter
free hit counter